Χριστιανικά και φιλοσοφικά μελετήματα

Αποθηκεύτηκε σε:
Λεπτομέρειες βιβλιογραφικής εγγραφής
Κύριος συγγραφέας: Θεοδωρακόπουλος, Ιωάννης Ν., 1900-1981
Μορφή: Βιβλίο
Γλώσσα:Greek
Δημοσίευση: Αθήναι : Αποστολική Διακονία της Εκκλησίας της Ελλάδος, 1949
Σειρά:Βιβλιοθήκη Αποστολικής Διακονίας ; ; 18
Θέματα:
Ετικέτες: Προσθήκη ετικέτας
Δεν υπάρχουν, Καταχωρήστε ετικέτα πρώτοι!

MARC

LEADER 00000cam a2200000 i 4500
001 1/28783
008 060505s1949 gre d
035 |l 10083739 
040 |a GR-MY-UA  |b gre  |e aacr 
041 0 |a gre 
082 0 |a 230.01  |2 (22) 
100 1 |a Θεοδωρακόπουλος, Ιωάννης Ν.,   |d 1900-1981. 
245 1 0 |a Χριστιανικά και φιλοσοφικά μελετήματα /  |c Ι. Ν. Θεοδωρακοπούλου 
260 |a Αθήναι :   |b Αποστολική Διακονία της Εκκλησίας της Ελλάδος,   |c 1949 
300 |a 147 σ.;  |c 24 εκ. 
490 1 |a Βιβλιοθήκη αποστολικής διακονίας  |v ; 18 
500 |a Με: Προσωκρατικοί φιλόσοφοι / Ευαγγέλου Σ. Σταμάτη. - Ελληνικά ιδανικά και σύγχρονη ζωή / Richard W. Livingstone. - Μαθήματα φιλοσοφίας / Αντ. Μ. Ισηγόνη. - Η τελολογική κατ' Αριστοτέλη εκδοχή του ψυχικού βίου / Αντ. Μ. Ισηγόνη. - Το δικαίωμα του ανθρώπου επί της γνώσεως και η πνευματική και πολιτική ελευθερία / υπό Αγαπητού Γ. Τσοπανάκη 
650 0 0 |a Philosophy and religion. 
650 0 0 |a Christianity  |x Philosophy. 
650 0 0 |a Philosophical theology. 
830 0 |a Βιβλιοθήκη Αποστολικής Διακονίας ;  |v ; 18 
852 |a INST  |b RHODES  |c KRI  |e 20060505  |h  230.01 ΘΕΟ  |p 005400027520  |q 005400027520  |t BK  |y 0 
901 |a BIBL4-2006-2 
909 |a Ρ  |b 122921 
970 |a ΚΟΖΑ  |b ΜΑΡΙΑ  |z 2006/05/05